书目信息 |
| 题名: |
太阳系写真
|
|
| 作者: | 张洋 编著 | |
| 分册: | ||
| 出版信息: | 成都 四川科学技术出版社 2005 |
|
| 页数: | 234页 | |
| 开本: | 20cm | |
| 丛书名: | ||
| 单 册: | ||
| 中图分类: | P18 | |
| 科图分类: | ||
| 主题词: | 太阳系 | |
| 电子资源: | ||
| ISBN: | 7-5364-4233-5 | |
| 000 | 00502nam0 2200181 450 | |
| 001 | 0736196517 | |
| 005 | 20070924100316.51 | |
| 010 | @a7-5364-4233-5@d¥18.00 | |
| 100 | @a20070924d km y0chiy0120 ea | |
| 101 | 0 | @achi |
| 200 | 1 | @a太阳系写真@Atai yang xi xie zhen@f张洋 编著@Fzhang yang bian zhu |
| 210 | @a成都@c四川科学技术出版社@d2005 | |
| 215 | @a234页@d20cm | |
| 606 | 0 | @a太阳系 |
| 690 | @aP18@v3 | |
| 701 | 0 | @a张洋@Azhang yang@4编著 |
| 801 | 0 | @aCN@bPFT@c20070924 |
| 905 | @a213230@dP18@eZY1@f1 | |
| 太阳系写真/张洋 编著.-成都:四川科学技术出版社,2005 |
| 234页;20cm |
| ISBN 7-5364-4233-5:¥18.00 |
| ● |
| 相关链接 |
|
|
|
|
正题名:太阳系写真
索取号:P18/ZY1
 
预约/预借
| 序号 | 登录号 | 条形码 | 馆藏地/架位号 | 状态 | 备注 |
| 1 | 7900738 | 279007389 | 密集书库-资源管理系/ [索取号:P18/ZY1] | 在馆 |